Gas and oil reliability engineering : (Record no. 19334)
[ view plain ]
| 000 -LEADER | |
|---|---|
| fixed length control field | 00978cam a22002655a 4500 |
| 001 - CONTROL NUMBER | |
| control field | 17397154 |
| 005 - DATE AND TIME OF LATEST TRANSACTION | |
| control field | 20160907104152.0 |
| 008 - FIXED-LENGTH DATA ELEMENTS--GENERAL INFORMATION | |
| fixed length control field | 120723t2013 maua frb 001 0 eng d |
| 020 ## - INTERNATIONAL STANDARD BOOK NUMBER | |
| International Standard Book Number | 9780123919144 |
| 040 ## - CATALOGING SOURCE | |
| Original cataloging agency | DLC |
| Transcribing agency | DLC |
| Modifying agency | EG-ScBUE |
| Language of cataloging | eng |
| 082 04 - DEWEY DECIMAL CLASSIFICATION NUMBER | |
| Classification number | 622.338 |
| Edition number | 22 |
| Item number | CAL |
| 100 1# - MAIN ENTRY--PERSONAL NAME | |
| Personal name | Calixto, Eduardo. |
| 9 (RLIN) | 37906 |
| 245 10 - TITLE STATEMENT | |
| Title | Gas and oil reliability engineering : |
| Remainder of title | modeling and analysis / |
| Statement of responsibility, etc | Eduardo Calixto. |
| 260 ## - PUBLICATION, DISTRIBUTION, ETC. (IMPRINT) | |
| Place of publication, distribution, etc | Waltham ; |
| -- | Oxford : |
| Name of publisher, distributor, etc | Gulf Professional Publishing / Elsevier, |
| Date of publication, distribution, etc | c.2013. |
| 300 ## - PHYSICAL DESCRIPTION | |
| Extent | xv, 528 p. : |
| Other physical details | ill. ; |
| Dimensions | 24 cm. |
| 500 ## - GENERAL NOTE | |
| General note | Index : p. 519-528. |
| 504 ## - BIBLIOGRAPHY, ETC. NOTE | |
| Bibliography, etc | Includes bibliographical references. |
| 650 #7 - SUBJECT ADDED ENTRY--TOPICAL TERM | |
| Topical term or geographic name as entry element | Oil wells |
| General subdivision | Equipment and supplies |
| -- | Reliability. |
| Source of heading or term | BUEsh |
| 9 (RLIN) | 37907 |
| 650 #7 - SUBJECT ADDED ENTRY--TOPICAL TERM | |
| Topical term or geographic name as entry element | Gas wells |
| General subdivision | Equipment and supplies |
| -- | Reliability. |
| Source of heading or term | BUEsh |
| 9 (RLIN) | 37908 |
| 650 #7 - SUBJECT ADDED ENTRY--TOPICAL TERM | |
| Topical term or geographic name as entry element | Petroleum engineering |
| General subdivision | Equipment and supplies |
| -- | Reliability. |
| Source of heading or term | BUEsh |
| 9 (RLIN) | 37909 |
| 651 ## - SUBJECT ADDED ENTRY--GEOGRAPHIC NAME | |
| Source of heading or term | BUEsh |
| 653 ## - INDEX TERM--UNCONTROLLED | |
| Resource For college | Engineering, General |
| Arrived date list | May2015 |
| 653 ## - INDEX TERM--UNCONTROLLED | |
| Resource For college | Engineering, Petroleum |
| Arrived date list | September2016 |
| 942 ## - ADDED ENTRY ELEMENTS (KOHA) | |
| Source of classification or shelving scheme | Dewey Decimal Classification |
| Withdrawn status | Item status | Source of classification or shelving scheme | Damaged status | Not for loan | Vendor | Home library | Current library | Shelving location | Date acquired | Source of acquisition | Cost, normal purchase price | Serial Enumeration / chronology | Total Checkouts | Full call number | Barcode | Date last seen | Cost, replacement price | Koha item type |
|---|---|---|---|---|---|---|---|---|---|---|---|---|---|---|---|---|---|---|
| Dewey Decimal Classification | Alahram | Central Library | Central Library | First floor | 10/05/2015 | 695.00 | 321 | 622.338 CAL | 000038205 | 15/07/2025 | 868.75 | Book - Borrowing | ||||||
| Dewey Decimal Classification | Academic Bookshop | Central Library | Central Library | First floor | 07/09/2016 | Purchase | 639.50 | 2000085 | 622.338 CAL | 000033549 | 15/07/2025 | 799.38 | Book - Borrowing |